Likvidace popelů z energetických výroben

Gespeichert in:
Bibliographische Detailangaben
Hauptverfasser: Polický, Karel (Verfasst von), Douška, Karel (Verfasst von)
Format: Buch
Sprache:Tschechisch
Veröffentlicht: Praha : SNTL, 1977
Tags: Tag hinzufügen
Keine Tags, Fügen Sie das erste Tag hinzu!

MARC

LEADER 00000nam a22000003a 4500
001 stu140497
005 20150617225922.6
008 070426s1977------------------------cze-d
040 |a STU  |b slo 
041 0 |a cze 
080 |a 662.613.136 
080 |a 620.9 
100 1 |a Polický, Karel  |4 aut 
245 1 |a Likvidace popelů z energetických výroben 
260 |a Praha :  |b SNTL,  |c 1977 
300 |a 324 s 
700 1 |a Douška, Karel  |4 aut 
996 |b E50728  |c E*50728  |l EE15  |s P  |a 0  |w stu140497_0002